000
00303nam a22001337a 4500
008
260414b ||||| |||| 00| 0 eng d
020
_a
9994380710
041
_a
Shqip
080
_a
321.172
100
_a
20
101
_a
Histori
245
_a
Plani Sekret për Kosovën
_c
Ylli Molla
942
_2
udc
_c
BK
999
_c
60971
_d
60971